Письмо Бенини Умберто /кардинала/ Шиллингу М. Ф. /С приложением письма Буа/ /франц./

Доступно только в Электронных читальных залах Найти на картеНа карте
RUSMARC
00004505nac2a22003133x 450
001bb3c050f-deac-4502-a8f3-4745b2e12d64
00520211214203525.0
100##$a20211122l1910 k y0rusy50 ca
1010#$afre
102##$aRU
105##$ay z |||e|
1220#$ad19100316
2001#$aПисьмо Бенини Умберто /кардинала/ Шиллингу М. Ф. /С приложением письма Буа/ /франц./
$j16 марта 1910
215##$a4 листа
251##$cДело
300##$aЗаголовок дела на папке: Письмо Бенини Умберто - кардинал - Шиллингу М. Ф. (с приложением письма Буа)
300##$aТекст на французском языке
300##$aЛист: 1 - конверт с маркой и красной сургучной печатью; 4 - чистый
300##$aРукописный и типографский текст
330##$aВходит в раздел описи: 3. Документы о научной и литературной деятельности барона Шиллинга М. Ф.. Письма разных лиц Шиллингу М. Ф.
461#0$1001ff9fc58f-089b-437b-980d-902343bc59d8
$12001
$aШиллинг Маврикий Фабианович, барон, секретарь русского посольства в Вене
$1251
$cФонд
$1852
$j813
462#0$1001665c067c-d934-4316-b9df-5bf0ad49190b
$12001
$aДела постоянного хранения. 1817-1917
$vД. 163
$1251
$cОпись
$1852
$j1
5171#$aПисьмо Бенини Умберто - кардинал - Шиллингу М. Ф. (с приложением письма Буа)
600#1$aШиллинг
$bМ. Ф.
$cбарон
$gМаврикий Фабианович
600#1$aБенини
$bУ.
$cкардинал
$gУмберто
600#1$aБуа
801#0$aRU
$bGA_RF
801#1$aRU
$bГлавНИВЦ
$c20211122
$2rusmarc
801#2$aRU
$bПБ им. Б.Н. Ельцина
$c20211214
$gRCR
$2rusmarc
852##$aГА РФ
$j163
937##$d171607089
$hГАРФ
035##$aRuPRLIB51062068
856##$uhttp://readingroom.main.prlib.ru/item.aspx?id_node=n171607089&mode=full
Формат отображения